01439nab a22002417a 4500999001500000003000400015005001700019008004100036040000700077100002200084245008600106260007200192300001300264505053000277505008900807650002300896650004300919650003000962650002800992650003901020773012501059942001301184 c6086d6086OSt20260121193345.0190502c xxu||||| |||| 00| 0 spa d cPJ 94454aPorta, Elsa13aLas personas privadas de la libertad y el derecho de agremiación /cElsa Porta. aCiudad Autónoma de Buenos Aires :bThomson Reuters La Ley,c2024. ap. 55-69 aSumario: I. Antecedentes del caso.— II. Situación de procesados y condenados.— III. El derecho al trabajo de los sujetos privados de libertad.— IV. Legislación aplicable al trabajo en contexto de encierro.— V. Las personas privadas de la libertad que trabajan y los derechos emergentes de la libertad sindical.— VI. La resolución administrativa.— VII. La inscripción gremial solicitada.— VIII. Vulnerabilidad de las personas que trabajan en la prisión.— IX. Reinserción social de los condenados.  t¿Te interesa el texto completo? Solicitalo al correo: koha@justierradelfuego.gov.ar 09343aDERECHO PENAL 094455aPERSONAS PRIVADAS DE LA LIBERTAD 094583aDERECHOS SINDICALES 091461aLIBERTAD SINDICAL 093020aREADAPTACIÓN DEL CONDENADO0 0272993180dBuenos Aires : LexisNexis, 2006-tRevista de derecho penal y procesal penal. Nº 7 - Julio 2024z9875920622 2udccANA